Nineteenth-century American reader (Record no. 12126)
[ view plain ]
| 000 -LEADER | |
|---|---|
| fixed length control field | 00436 a2200121 4500 |
| 245 ## - TITLE STATEMENT | |
| Title | Nineteenth-century American reader |
| Medium | |
| 650 ## - SUBJECT ADDED ENTRY--TOPICAL TERM | |
| Topical term or geographic name entry element | AMERICAN LITERATURE |
| 260 ## - PUBLICATION, DISTRIBUTION, ETC. | |
| Place of publication, distribution, etc. | dcu |
| Name of publisher, distributor, etc. | Published by the U.S. Information Agency, Division for the Study of the U.S. |
| Date of publication, distribution, etc. | 1987 |
| 084 ## - | |
| -- | PS535 .N56 1987 |
| 300 ## - PHYSICAL DESCRIPTION | |
| Extent | xvi, 579 p. : ill. |
| Other physical details | 23 cm. |
| Dimensions | xvi, 579 p. : ill. ; 23 cm. |
| 500 ## - GENERAL NOTE | |
| General note | edited by M. Thomas Inge. |
No items available.